Sports Quiz

Random Sports or College Quiz

Highest college football stadiums Quiz Stats

 Plays Quiz not verified by Sporcle

Score 0/18 Timer 03:00
1 Play Today
Elevation University % Correct
5360 ft/1633 mColorado
95.4%
5190 ft/1582 mColorado State
87.7%
7215 ft/2199 mWyoming
85.4%
4657 ft/1419 mUtah
82.5%
4642 ft/1415 mBYU
73.9%
5100 ft/1554 mNew Mexico
72.1%
6620 ft/2017 mAir Force
71.9%
4710 ft/1435 mUtah State
70.6%
2700 ft/823 mBoise State
68.3%
Elevation University % Correct
2610 ft/795 mIdaho
64.7%
2430 ft/740 mArizona
63%
4610 ft/1405 mNevada
61.8%
3980 ft/1213 mNew Mexico State
60.5%
2520 ft/768 mWashington State
56.6%
3910 ft/1191 mTexas-El Paso
40.6%
3212 ft/979 mTexas Tech
29.6%
3333 ft/1016 m Appalachian State
24.4%
2057 ft/627 mVirginia Tech
22.3%

You're not logged in!

Compare scores with friends on all Sporcle quizzes.
OR
Log In

You Might Also Like...

Show Comments

Extras

Top Quizzes Today


Score Distribution

Your Account Isn't Verified!

In order to create a playlist on Sporcle, you need to verify the email address you used during registration. Go to your Sporcle Settings to finish the process.

Report this User

Report this user for behavior that violates our Community Guidelines.

Details: